banner-ar

الديدان الشريطية بنيتها الشريحية واثارها الصحية / (Record no. 53798)

MARC details
000 -الفاتح
حقل البيانات ثابتة الطول 00605nam a2200169Ia 4500
008 - عناصر البيانات ثابتة الطول - معلومات عامة
حقل البيانات ثابتة الطول 140319s9999 xx 000 0 ara d
040 ## - مصدر الفهرسة
وكالة الفهرسة الأصلية GCL /
وكالة النسخ GCL
082 04 - رقم تصنيف ديوى العشرى
رقم التصنيف 590.1
رقم المادة ا د
100 1# - المدخل الرئيسى - إسم شخصى
الإسم الشخصى السيد الصديق العونى
245 10 - بيان العنوان
العنوان الديدان الشريطية بنيتها الشريحية واثارها الصحية /
بيان المسئوليه,etc السيد الصديق العونى
700 1# - المدخل الاضافى - اسم شخصى
الإسم الشخصى الدروق مصباح السنوسى
490 ## - بيان السلسلة
عنوان السلسلة
650 04 - المدخل الاضافى بالموضوع-مصطلح موضوعى
مصطلح موضوعي الديدان الشريطية
942 ## - عناصر المدخل الإضافي( كوها)
مصدر التصنيف او مخطط الترفيف Dewey Decimal Classification
Koha [default] item type كتاب
260 ## - PUBLICATION, DISTRIBUTION, ETC. (IMPRINT)
-- [S.N] :
-- الدار العربية للتوزيع والنشر
Holdings
حالة التراجع حالة الفقد حالة تلف ليس للاعارة المكان المؤقت الموقع الحالى تاريخ الاكتساب اجمالي اﻻعارات رقم الطلب الباركود تاريخ اخر مشاهدة تاريخ تفعيل السعر نوع وعاء كوها
        مكتبة القاهرة الكبرى مكتبة القاهرة الكبرى 03/26/2014   590.1\ا د 129532 03/26/2014 03/26/2014 كتاب

Powered By

EGPV